000 00906nam a2200313 i 4500
001 bg
003 BPK
005 20200219095125.0
008 000704s2000 pl a f |000 0 pol
015 _aPB 2000/12145
020 _a8372790299
040 _aWA N
_cBPK
041 0 _apol
080 _a004.738.5
080 _a004.451
080 _a(07)
100 1 _aMadeja, Leszek.
245 1 0 _aKorzystanie z Internetu :
_bćwiczenia z systemu Linux /
_cLeszek Madeja.
260 _aWarszawa :
_b"Mikom",
_c2000.
300 _a362, [1] s. :
_bil. ;
_c24 cm.
504 _aBibliogr.
650 4 _aInternet
655 4 _aPodręcznik
650 4 _aSystemy operacyjne
650 4 _aLinux
710 2 _aWydawnictwo Mikom
_4pbl.
856 _uhttp://koha.tu.koszalin.pl/cgi-bin/koha/opac-detail.pl?biblionumber=37298
_yKatalog online BPK
942 _2UKD
_cKS
999 _c37298
_d37298